000 01210nam0a22003251 4500
001 RU\NLR\INFOCOMM_253\5000025501
005 20250613094000.0
035 _a(NLR Aleph) 009233068
090 _a8878159
_c8878159
100 _a20100624d1983 |||y0rusy50 ca
101 0 _aeng
102 _aRU
105 _ay ||||000|y
200 1 _aScaling and integrability
_e(The Kondo problem for the orbital singlet)
_fA. M. Tsvelick, P. B. Wiegmann
210 _aChernogolovka
_cИн-т теорет. физики АН СССР им. Л. Д. Ландау
_d1983
215 _a14 с.
_d21 см
225 1 _aPreprint
_fThe Acad. of sciences of the USSR, L. D. Landau inst. for theoretical physics
300 _a"Submitted to "J. of phys. C"
320 _aБиблиогр.: с. 14
606 _aМеталлы
_xЭлектронная теория
_2nlr_sh1
686 _aК201
_2rubbk
700 1 _9z02790
_aCvelik
_bA. M.
_gAleksej Michajlovič
_4070
701 1 _9z03790
_aVigman
_bP. B.
_gPavel Borisovič
_4070
790 1 _9z02700
_aTsvelick
_bA. M.
_4070
790 1 _9z03701
_aWiegmann
_bP. B.
_4070
801 1 _aRU
_bNLR
_c20100624
801 0 _aRU
_bNLR
_gPSBO
852 _aNLR
_jТ31 Д-4/40
942 _cBOOK
980 _aNB